000 00284 a2200145 4500
001 161164
020 _a
040 _cMagnum
100 _a-
240 1 0 _aA mudanca do sr.bicudo
_lpor
245 1 0 _aA mudanca do sr.bicudo
362 0 _a1899
697 _aI/ANIMAIS
942 _cBK
999 _c161164
_d161164